LIBRARY & INFORMATION CENTRE, KCAET, TAVANUR

ONLINE PUBLIC ACCESS CATALOGUE (OPAC)

Development of reinforced recycled plastic lumber post for agriculture fencing (Record no. 15172)

MARC details
000 -LEADER
fixed length control field 00756nam a22002057a 4500
003 - CONTROL NUMBER IDENTIFIER
control field OSt
088 ## - REPORT NUMBER
Report number P 297
100 ## - MAIN ENTRY--AUTHOR NAME
Personal name GEETHU KRISHNAN
245 ## - TITLE STATEMENT
Title Development of reinforced recycled plastic lumber post for agriculture fencing
260 ## - PUBLICATION, DISTRIBUTION, ETC. (IMPRINT)
Place of publication Tavanur 2015
Name of publisher Department of Irrigation and drainage engineering
300 ## - PHYSICAL DESCRIPTION
Number of Pages 44
500 ## - GENERAL NOTE
General note Development of reinforced recycled plastic lumber post for agriculture fencing
520 ## - SUMMARY, ETC.
Summary, etc Development of reinforced recycled plastic lumber post for agriculture fencing
700 ## - ADDED ENTRY--PERSONAL NAME
Personal name Greeshma K
700 ## - ADDED ENTRY--PERSONAL NAME
Personal name Mirshad M
700 ## - ADDED ENTRY--PERSONAL NAME
Personal name Er. Vishnu B (Guide)
856 ## - ELECTRONIC LOCATION AND ACCESS
Uniform Resource Identifier https://drive.google.com/open?id=1OqfOk9EFwNpFS5WiXnDasz2k1utYlpgI
942 ## - ADDED ENTRY ELEMENTS (KOHA)
Koha item type Project Report
Holdings
Collection code Home library Current library Shelving location Full call number Accession Number Koha item type
Reference KAUAET KAUAET Reference 631.587 GEE/DE P 297 Project Report
free website counter